To renew America / (Record no. 12969)
[ view plain ]
| 000 -BAŞLIK | |
|---|---|
| Sabit Uzunlukta Kontrol Alanı | 00750nam a2200229 4500 |
| 999 ## - SİSTEM KONTROL NUMARALARI (KOHA) | |
| Koha Biblionumber | 12969 |
| Koha Biblioitemnumber | 12969 |
| 003 - KONTROL NUMARASI IDENTIFIER | |
| Denetim Alanı | MIRAKIL |
| 005 - SON İŞLEM TARİHİ VE ZAMANI | |
| Denetim Alanı | 20190315174429.0 |
| 008 - SABİT-BOY VERİ ELEMANLARI - GENEL BİLGİLER | |
| Sabit Uzunlukta Kontrol Alanı | 190315b tu ||||| |||| 00| 0 tur d |
| 020 ## - ULUSLARARASI STANDART KİTAP NUMARASI | |
| Uluslararası Standart Kitap Numarası | 006017336X |
| 040 ## - KATALOGLAMA KAYNAK | |
| Orijinal Kataloglama Ajansı | TR-AnCHP |
| Metne Dönüştürmek Ajansı | TR-AnCHP |
| 041 ## - DİL KODU | |
| Metin / Ses Parça Veya Ayrı Başlığın Dil Kodu | eng |
| 082 ## - DEWEY ONLU SINIFLANDIRMA NUMARASI | |
| Sınıflandırma Numarası | 973.929 |
| Ürün Numarası | G55t 1995 |
| 100 ## - ANA GİRİŞ - KİŞİSEL İSİM | |
| Kişisel Ad | Gingrich, Newt. |
| 245 10 - BAŞLIK TABLOSU | |
| Başlık | To renew America / |
| Sorumluluk Tablosu, Vb | Newt Gingrich. |
| 260 ## - YAYIN, DAĞITIM, VB | |
| Yayın, Dağıtım, Vb Yeri | New York: |
| Yayıncı, Dağıtıcı, Vs Adı | HarperCollins, |
| Yayın, Dağıtım, Vb Tarihi | 1995. |
| 300 ## - FİZİKSEL TANIM | |
| Kapsam | xii, 260 s.: |
| Boyutlar | 24 sm. |
| 504 ## - KAYNAKÇA VB NOT | |
| Kaynakça Vb Notu | Dizin vardır. |
| 650 #0 - KONU KATMA GİRİŞ - TOPİKAL DÖNEM | |
| 9 (RLIN) | 5108 |
| Topikal Süreli Veya Coğrafi Ad Giriş Elemanı | Amerika Birleşik Devletleri (ABD) |
| Genel Alt Bölümü | Siyaset ve yönetim |
| Kronolojik Alt Bölümü | 20. yüzyıl |
| 650 #0 - KONU KATMA GİRİŞ - TOPİKAL DÖNEM | |
| 9 (RLIN) | 5108 |
| Topikal Süreli Veya Coğrafi Ad Giriş Elemanı | Amerika Birleşik Devletleri (ABD) |
| Genel Alt Bölümü | Sosyal politikalar |
| 650 #0 - KONU KATMA GİRİŞ - TOPİKAL DÖNEM | |
| 9 (RLIN) | 5108 |
| Topikal Süreli Veya Coğrafi Ad Giriş Elemanı | Amerika Birleşik Devletleri (ABD) |
| Genel Alt Bölümü | Ekonomi politikaları |
| 942 ## - EKLENDİ GİRİŞ ELEMANLARI (KOHA) | |
| Sınıflandırma Veya Raf Düzeni Kaynak | Dewey Decimal Classification |
| Koha Öğesi Türü | Books |
| Kalıcı Konum | Mevcut Konum | Edinme Tarihi | Toplam Check-Out'Lar | Tam Çağrı Numarası | Barkod | Tarih Son Görülme | İtibaren Geçerli Fiyatlar | Sigara Kamu Notu | Koha Öğesi Türü |
|---|---|---|---|---|---|---|---|---|---|
| CHP Kütüphanesi | CHP Kütüphanesi | 03/15/2019 | 973.929 G55t 1995 | 019029 | 03/15/2019 | 03/15/2019 | Ertuğrul Çepni bağışıdır. | Books |
